Evaluación de recursos y estresores psicosociales en la comunidad
Đã lưu trong:
| Những tác giả chính: | , |
|---|---|
| Tác giả khác: | |
| Định dạng: | Sách |
| Ngôn ngữ: | Tiếng Tây Ban Nha |
| Được phát hành: |
Madrid
Síntesis
2002
|
| Loạt: | Análisis e Intervención Social
|
| Những chủ đề: | |
| Các nhãn: |
Thêm thẻ
Không có thẻ, Là người đầu tiên thẻ bản ghi này!
|
MARC
| LEADER | 00000nam a2200000 a 4500 | ||
|---|---|---|---|
| 001 | UCL1089 | ||
| 003 | CL-VaPUC | ||
| 008 | 030829e20020000SP |||||||||||||||||spa|d | ||
| 020 | |a 8497560213 | ||
| 082 | 0 | 4 | |a 302 |b GRA |2 21 |
| 100 | |a Gracia Fuster, Enrique |e author |9 477911 | ||
| 700 | 0 | |a Herrero Olaizola, Juan |e author |9 477912 | |
| 700 | |a Musitu Ochoa, Gonzalo |e autor |9 536091 | ||
| 245 | 1 | 0 | |a Evaluación de recursos y estresores psicosociales en la comunidad |
| 300 | |a 156 p | ||
| 942 | |c BK | ||
| 945 | |d 20030829 00:00:00 |a cmena | ||
| 260 | |a Madrid |b Síntesis |c 2002 | ||
| 650 | 0 | |a Psicología social |9 222894 | |
| 650 | 7 | |a ESTRES |2 CL-VaPUC |9 338725 | |
| 650 | 0 | |a Trabajo social |9 307856 | |
| 650 | 0 | |a Relaciones interpersonales |9 307056 | |
| 650 | 0 | |a Bienestar social |9 255298 | |
| 583 | |a last modification |c 20030829 00:00:00 |k Rodrigo Vera | ||
| 490 | 0 | |a Análisis e Intervención Social | |
| 999 | |c 304768 |d 304766 | ||
| 952 | |0 0 |1 0 |4 0 |6 302_000000000000000_GRA_2002 |7 0 |8 A |9 367493 |a BIBGIM |b BIBGIM |d 2019-11-21 |i 393442K |o 302 GRA 2002 |p 393442K |r 2025-01-15 |w 2019-11-21 |y BK |k SSL | ||